000 00607nam a2200193 i 4500
001 142440
003 ES-MaACL
005 20260227183636.0
007 t|
008 071005s1966 sp ||||1| cat d
100 1 _aWise, David.
_9117144
245 1 3 _aLa CIA, el govern invisible /
_cDavid Wise i Thomas B. Ross ; [traducció de Josep Verde Aldea].
260 _aBarcelona :
_bMaterials,
_c1966.
300 _a366 p. ;
_c22 cm.
700 1 _aRoss, Thomas B.
_999820
700 1 _aVerde i Aldea, Josep,
_d1928-2017
_9242878
852 _aES-MaACL
_jC-30286
_bR.60828
999 _c142440
_d142440